• 首页
  • 本馆介绍
  • 公告通知
  • 最新文献
  • 馆藏检索
  • 电子资源
  • 读者导购
  • 参考咨询
  • 我的图书馆
  • 登录
  • 详细信息显示
  • 放入我的书架
  • 预约/预借图书
  • 作者相关作品
  • 分类相关作品
  • 丛书相关作品
  • 出版社相关作品

书目信息

  • 表格格式
  • 工作单格式
  • 卡片格式
题名:
西方城市史学
    
 
作者: 陈恒 著
分册:  
出版信息: 北京   商务印书馆  2017
页数: 530页
开本: 24cm
丛书名:
单 册:
中图分类: K915
科图分类:
主题词: 城市史--研究--西方国家
电子资源:
ISBN: 978-7-100-14565-7
000 01075nam0 2200241 450
001 012001005185
005 20141008075349.0
010    @a978-7-100-14565-7@b精装@dCNY120.00
100    @a20180217d2017 em y0chiy50 ea
101 0  @achi
102    @aCN@b110000
105    @ay az 000yy
106    @ar
200 1  @a西方城市史学@9xi fang cheng shi shi xue@f陈恒等著
210    @a北京@c商务印书馆@d2017
215    @a530页@d24cm
320    @a有书目(第499-513页)
330    @a本稿从社会进程、理论渊源、学科发展等几个方面来论述城市史学产生的内在逻辑;从有关城市史期刊、城市史研究组织、城市史研究主题、城市史理论与方法等几个方面来论述城市史学的蓬勃发展。具有显著跨学科性质的城市史学综合了各门学科的优势,吸收不同的观念与方法,以独特的视角研究城市的历史、现状并审视未来。处于急剧转型时期的当代中国,城市化的速度越来越快,伴随这一进程也出现了一系列问题,因此这一研究不仅有着重要的学术价值,而且有着人类关怀的现实意义。
606 0  @a城市史@x研究@y西方国家
690    @aK915@v5
701  0 @a陈恒@9chen heng@4著
801  0 @aCN@b上海新华@c20180901
905    @b1173048-51@dK915@e264@f4
    
    西方城市史学/陈恒等著.-北京:商务印书馆,2017
    530页;24cm
    
    
    ISBN 978-7-100-14565-7(精装):CNY120.00
    本稿从社会进程、理论渊源、学科发展等几个方面来论述城市史学产生的内在逻辑;从有关城市史期刊、城市史研究组织、城市史研究主题、城市史理论与方法等几个方面来论述城市史学的蓬勃发展。具有显著跨学科性质的城市史学综合了各门学科的优势,吸收不同的观念与方法,以独特的视角研究城市的历史、现状并审视未来。处于急剧转型时期的当代中国,城市化的速度越来越快,伴随这一进程也出现了一系列问题,因此这一研究不仅有着重要的学术价值,而且有着人类关怀的现实意义。
●
相关链接 在E读中查询图书 在五车中查询图书 在当当中查询图书 在豆瓣中查询图书


正题名:西方城市史学     索取号:K915/264         预约/预借

序号 登录号 条形码 馆藏地/架位号 状态 备注
1 1173048   211730484   第二样本阅览室/ [索取号:K915/264] 在馆    
2 1173049   211730493   第二借阅区/ [索取号:K915/264] 在馆    
3 1173050   211730509   第二借阅区/ [索取号:K915/264] 在馆    
4 1173051   211730518   密集书库-史法系/ [索取号:K915/264] 在馆    
唐山师范学院图书馆 欢迎您!
大连网信软件有限公司© 版权所有